| 000 | 01237cam a2200337 i 4500 | ||
|---|---|---|---|
| 001 | 24369 | ||
| 003 | Mx-PuUPA | ||
| 005 | 20251002083848.0 | ||
| 008 | 140415s2019 mx a gr 001 0 spa d | ||
| 020 | _a9786079845100 | ||
| 040 |
_aMx-PuUPA _bspa _cMx-PuUPA _dMx-PuUPA _erda |
||
| 041 | 0 | _aspa | |
| 100 | 1 |
_aDionne, Georges, _d1950- _917402 |
|
| 245 | 1 | 0 |
_aCaminos de colaboración en un mundo fragmentado / _cGeorge W. Dionne, María Eugenia Ciófalo-Lagos, Martha P. Dionne |
| 250 |
_aPrimera edición / _babril |
||
| 264 | 1 |
_aCiudad de México : _b[Granica Editor], _c2019 |
|
| 300 |
_a155 páginas : _bilustraciones ; _c22 cm |
||
| 336 |
_2rdacontent _atexto _btxt |
||
| 337 |
_2rdamedia _asin medio _bn |
||
| 338 |
_2rdacarrier _avolumen _bnc |
||
| 650 | 7 |
_2armarc _aComunicación interpersonal |
|
| 650 | 7 |
_2armarc _aLiderazgo |
|
| 650 | 7 |
_2armarc _aGestión de conclictos _xEducación |
|
| 650 | 7 |
_2armarc _aFamilias _xRelaciones humanas |
|
| 700 | 1 |
_aCiófalo-Lagos, María Eugenia, _eautor |
|
| 700 | 1 |
_aDionne Espinosa, Martha P., _eautor |
|
| 942 |
_2ddc _cLI _h302.2 _iD58 |
||
| 999 |
_c24369 _d24369 |
||